Score 0/211 Timer 20:00
0 Plays Today
% Correct
Luxembourg
73.2%
France
70.7%
France
70.7%
Monaco
70.7%
Italy
70.7%
Italy
70.7%
Portugal
68.3%
Spain
68.3%
Spain
68.3%
France
68.3%
France
68.3%
France
68.3%
France
68.3%
France
68.3%
France
68.3%
Monaco
68.3%
Italy
68.3%
Italy
68.3%
San Marino
68.3%
Vatican City
68.3%
Malta
68.3%
Portugal
65.9%
Portugal
65.9%
Portugal
65.9%
Portugal
65.9%
Spain
65.9%
Spain
65.9%
Spain
65.9%
Spain
65.9%
Spain
65.9%
Spain
65.9%
Andorra
65.9%
France
65.9%
France
65.9%
France
65.9%
France
65.9%
France
65.9%
France
65.9%
Belgium
65.9%
Belgium
65.9%
Netherlands
65.9%
Netherlands
65.9%
Netherlands
65.9%
Italy
65.9%
Italy
65.9%
Italy
65.9%
Italy
65.9%
Portugal
63.4%
Portugal
63.4%
Portugal
63.4%
Spain
63.4%
Spain
63.4%
Spain
63.4%
Spain
63.4%
Spain
63.4%
France
63.4%
France
63.4%
France
63.4%
France
63.4%
Belgium
63.4%
Netherlands
63.4%
Netherlands
63.4%
Netherlands
63.4%
Netherlands
63.4%
Italy
63.4%
Italy
63.4%
Italy
63.4%
Italy
63.4%
Italy
63.4%
Malta
63.4%
Portugal
61%
% Correct
Portugal
61%
Spain
61%
Spain
61%
Spain
61%
Spain
61%
Spain
61%
France
61%
France
61%
Netherlands
61%
Netherlands
61%
Italy
61%
Malta
61%
Malta
61%
Malta
61%
Malta
61%
Malta
61%
Malta
61%
Malta
61%
Malta
61%
Malta
61%
Portugal
58.5%
Portugal
58.5%
France
58.5%
Italy
58.5%
Italy
58.5%
Malta
58.5%
Malta
58.5%
Malta
58.5%
Malta
58.5%
Malta
58.5%
Malta
58.5%
Malta
58.5%
Malta
58.5%
Malta
58.5%
Malta
58.5%
Malta
58.5%
Malta
58.5%
France
56.1%
Luxembourg
56.1%
Netherlands
56.1%
Netherlands
56.1%
Netherlands
56.1%
Italy
56.1%
Malta
56.1%
Malta
56.1%
Malta
56.1%
Malta
56.1%
Malta
56.1%
Malta
56.1%
Malta
56.1%
Malta
56.1%
Malta
56.1%
Malta
56.1%
Malta
56.1%
Malta
56.1%
Malta
56.1%
France
53.7%
Malta
53.7%
Portugal
51.2%
Andorra
51.2%
France
51.2%
San Marino
51.2%
Malta
51.2%
Malta
51.2%
Malta
51.2%
Malta
51.2%
Malta
51.2%
Portugal
48.8%
Portugal
48.8%
Luxembourg
48.8%
Netherlands
48.8%
% Correct
Netherlands
48.8%
Italy
48.8%
Malta
48.8%
Malta
48.8%
Malta
48.8%
Malta
48.8%
Malta
48.8%
Malta
48.8%
Luxembourg
46.3%
Luxembourg
46.3%
Netherlands
46.3%
Netherlands
46.3%
Italy
46.3%
San Marino
46.3%
San Marino
46.3%
Malta
46.3%
Malta
46.3%
Malta
46.3%
Portugal
43.9%
Portugal
43.9%
Spain
43.9%
Andorra
43.9%
Luxembourg
43.9%
Luxembourg
43.9%
Netherlands
43.9%
Italy
43.9%
San Marino
43.9%
San Marino
43.9%
Malta
43.9%
Malta
43.9%
Malta
43.9%
San Marino
41.5%
San Marino
41.5%
Luxembourg
39%
Netherlands
39%
Malta
39%
Malta
39%
Malta
39%
Malta
39%
Malta
39%
Portugal
36.6%
Monaco
36.6%
Luxembourg
36.6%
San Marino
36.6%
Malta
36.6%
Luxembourg
34.1%
Portugal
31.7%
Andorra
31.7%
Andorra
31.7%
Monaco
31.7%
Malta
31.7%
Malta
26.8%
Malta
26.8%
Portugal
24.4%
Monaco
24.4%
Luxembourg
24.4%
Malta
24.4%
Monaco
22%
Luxembourg
22%
Andorra
19.5%
Monaco
19.5%
Malta
19.5%
Monaco
14.6%
Malta
14.6%
Malta
14.6%
Malta
14.6%
Monaco
12.2%
Andorra
9.8%
Monaco
7.3%
Remove Ads.
Support Sporcle.
Get the best of Sporcle when you Go Orange. This ad-free experience offers more features, more stats, and more fun while also helping to support Sporcle. Thank you for becoming a member.

You're not logged in!

Compare scores with friends on all Sporcle quizzes.
OR
Log In

Sporcle TV

Today on Sporcle TV


Watch our educational content, quiz creation guides, and fun videos on Sporcle TV.

Show Comments

Extras

Top Quizzes Today


Score Distribution

Paid Content

Your Account Isn't Verified!

In order to create a playlist on Sporcle, you need to verify the email address you used during registration. Go to your Sporcle Settings to finish the process.

Report this User

Report this user for behavior that violates our Community Guidelines.

Details: